[Event "NOR-chT Clubs"]
[Site "Drammen"]
[Date "2010.10.10"]
[Round "6"]
[White "Hovland, Arne"]
[Black "Arntsen, Frode"]
[Result "1/2-1/2"]
[WhiteElo "1574"]
[BlackElo "1552"]
[PlyCount "84"]
[EventDate "2010.10.08"]
[EventType "team"]
[EventRounds "6"]
[EventCountry "NOR"]
[SourceTitle "EXT 2015"]
[Source "ChessBase"]
[SourceDate "2014.11.20"]
[SourceVersion "1"]
[SourceVersionDate "2014.11.20"]
[SourceQuality "1"]
[WhiteTeam "Follo"]
[BlackTeam "Kristiansand"]
[WhiteTeamCountry "NOR"]
[BlackTeamCountry "NOR"]

1. d4 Nf6 2. c4 g6 3. Nc3 Bg7 4. e4 d6 5. Be2 0-0 6. Nf3 Nbd7 7. 0-0 e5 8. Re1 Re8 9. Bf1 c6 10. b4 a6 11. a4 exd4 12. Nxd4 c5 13. bxc5 dxc5 14. Nc2 Ne5 15. Qxd8 Rxd8 16. Bg5 Be6 17. Nd5 Bxd5 18. cxd5 h6 19. Bxf6 Bxf6 20. f4 Nd7 21. e5 Bg7 22. a5 Nxe5 23. fxe5 Rxd5 24. Rab1 Rxe5 25. Rxe5 Bxe5 26. Rxb7 f5 27. Bc4+ Kf8 28. Rb6 Kg7 29. h4 Bc3 30. Rxa6 Rxa6 31. Bxa6 Bxa5 32. Kf2 Bd8 33. g3 f4 34. Kf3 fxg3 35. Kxg3 Bxh4+ 36. Kxh4 Kf6 37. Ne3 Ke5 38. Ng4+ Kd4 39. Nxh6 c4 40. Ng4 c3 41. Nf2 c2 42. Nd3 Kc3 1/2-1/2